Rast produktivity bez ľudí ako trend

Globálnu ekonomiku trápi vysoká nezamestnanosť. V súčasnosti sa vysoká nezamestnanosť priamo spája s krízou a len málo sa hľadajú a zdôrazňujú aj iné príčiny. Rozvoj počítačových technológií a zamestnanosť. Nové trendy v zamestnanosti.

Salvato in:
Dettagli Bibliografici
Autore principale: Hanák, Róbert, 1979-
Natura: Capitolo di libro
Lingua:slovacco
Soggetti:
Tags: Aggiungi Tag
Nessun Tag, puoi essere il primo ad aggiungerne!!

MARC

LEADER 00000naa a2200000 4500
001 0151314
005 20240502072718.5
041 0 |a slo 
044 |a SK 
245 1 0 |a Rast produktivity bez ľudí ako trend  |c Róbert Hanák 
520 |a Globálnu ekonomiku trápi vysoká nezamestnanosť. V súčasnosti sa vysoká nezamestnanosť priamo spája s krízou a len málo sa hľadajú a zdôrazňujú aj iné príčiny. Rozvoj počítačových technológií a zamestnanosť. Nové trendy v zamestnanosti. 
610 2 0 |a zamestnanosť 
610 2 0 |a nezamestnanosť 
610 2 0 |a technológie informačné 
610 2 0 |a kríza hospodárska 
100 1 |a Hanák, Róbert, 1979-